000 00659cam a2200181 i 4500
005 20260203090537.0
008 250721s2005 jo gr 000 0 ara d
082 1 4 _a371.4
_bق ر ع
100 1 _aالقرعان، أحمد خليل
_eمؤلف.
245 1 2 _aالتوجيه والإرشاد التربوي /
_cتأليف احمد خليل محمد القرعان.
250 _aالطبيعة الاولى.
264 3 1 _aعمان :
_bدار الإسراء للنشر و التوزيع،
_c2005.
300 _a288 صفحة.
650 1 7 _aالارشاد التربوي.
650 1 7 _aالتربية.
942 _2ddc
_cBK
999 _c96227
_d96227